000 01099cam a22003014i 4500
999 _c1342
_d1342
001 18721737
003 OSt
005 20221228142919.0
008 150729s2016 cn a j b 001 0 eng
010 _a 2015025387
020 _a9780778720188 (pbk.)
040 _aDLC
_beng
_cDLC
_erda
_dDLC
_dKH8
042 _apcc
082 0 0 _a392.3 OBR
_223
100 1 _aO'Brien, Cynthia
_q(Cynthia J.)
_eAuthor
245 1 0 _aHomes in different places /
_cCynthia O'Brien.
264 1 _aSt. Catharines, Ontario ;
_aNew York, New York :
_bCrabtree Publishing,
_c[2016]
300 _a24 pages :
_bcolor illustrations ;
_c25 cm.
336 _atext
_2rdacontent
337 _aunmediated
_2rdamedia
338 _avolume
_2rdacarrier
490 0 _aLearning about our global community
504 _aIncludes bibliographical references (page 23) and index.
650 0 _aDwellings
_vJuvenile literature.
906 _a7
_bcbc
_corignew
_d1
_eecip
_f20
_gy-gencatlg
942 _2ddc
_cNFIC